Peter and the Wolf / (Registro nro. 30762)
[ vista simple ]
| 000 -LEADER | |
|---|---|
| fixed length control field | 00860nam a22002657a 4500 |
| 003 - CONTROL NUMBER IDENTIFIER | |
| control field | OSt |
| 005 - DATE AND TIME OF LATEST TRANSACTION | |
| control field | 20250718124547.0 |
| 008 - FIXED-LENGTH DATA ELEMENTS--GENERAL INFORMATION | |
| fixed length control field | 240619t20112011it adk|br|||| 00| m|eng d |
| 020 ## - INTERNATIONAL STANDARD BOOK NUMBER | |
| International Standard Book Number | 9788853010896 |
| 040 ## - CATALOGING SOURCE | |
| Original cataloging agency | CO-JMCR |
| Language of cataloging | spa |
| Transcribing agency | CO-JMCR |
| Modifying agency | CO-JMCR |
| Description conventions | rda |
| 041 0# - LANGUAGE CODE | |
| Language code of text/sound track or separate title | eng |
| 082 04 - DEWEY DECIMAL CLASSIFICATION NUMBER | |
| Classification number | C |
| Item number | HOBp |
| 100 1# - MAIN ENTRY--PERSONAL NAME | |
| Personal name | Hobart , Ruth, |
| Relator term | autora |
| 9 (RLIN) | 43702 |
| 245 10 - TITLE STATEMENT | |
| Title | Peter and the Wolf / |
| Statement of responsibility, etc. | Ruth Hobart. |
| 250 ## - EDITION STATEMENT | |
| Edition statement | Primera edición |
| 260 ## - PUBLICATION, DISTRIBUTION, ETC. | |
| Place of publication, distribution, etc. | Italia : |
| Name of publisher, distributor, etc. | Black cat , |
| Date of publication, distribution, etc. | 2011 |
| -- | ©2011 |
| 300 ## - PHYSICAL DESCRIPTION | |
| Extent | 31 páginas : |
| Other physical details | Ilustraciones a color ; |
| Dimensions | 24 cm |
| 490 1# - SERIES STATEMENT | |
| Series statement | earlyreads.web ; |
| Volume/sequential designation | Level 3. |
| 546 ## - LANGUAGE NOTE | |
| Language note | Texto en ingles |
| 650 14 - SUBJECT ADDED ENTRY--TOPICAL TERM | |
| Source of heading or term | JMCR |
| Topical term or geographic name entry element | Cuentos infantiles en ingles |
| 9 (RLIN) | 42544 |
| 650 24 - SUBJECT ADDED ENTRY--TOPICAL TERM | |
| Source of heading or term | JMCR |
| Topical term or geographic name entry element | Literatura para niños en ingles |
| 9 (RLIN) | 43703 |
| 650 34 - SUBJECT ADDED ENTRY--TOPICAL TERM | |
| Source of heading or term | JMCR |
| Topical term or geographic name entry element | Actividades para niños |
| 9 (RLIN) | 42536 |
| 700 1# - ADDED ENTRY--PERSONAL NAME | |
| Personal name | Roberti, Alessandra , |
| Relator term | Ilustrador |
| 9 (RLIN) | 43704 |
| 942 ## - ADDED ENTRY ELEMENTS (KOHA) | |
| Source of classification or shelving scheme | Dewey Decimal Classification |
| Koha item type | Books |
| Withdrawn status | Lost status | Source of classification or shelving scheme | Damaged status | Not for loan | Home library | Current library | Shelving location | Date acquired | Source of acquisition | Total Checkouts | Full call number | Barcode | Date last seen | Date last checked out | Copy number | Price effective from | Koha item type |
|---|---|---|---|---|---|---|---|---|---|---|---|---|---|---|---|---|---|
| Dewey Decimal Classification | Biblioteca Pública José María del Castillo y Rada | Biblioteca Pública José María del Castillo y Rada | Children's Area | 01/06/2023 | Donación | 2 | C HOBp | 201812261 | 03/31/2026 | 03/31/2026 | Ej.1 | 06/19/2024 | Books |